Exilio / (Record no. 28829)

MARC details
000 -LEADER
campo de control de longitud fija 00574nam a22002177a 4500
001 - NÚMERO DE CONTROL
campo de control 00028793
005 - FECHA Y HORA DE LA ÚLTIMA TRANSACCIÓN
campo de control 20260416135844.0
008 - DATOS DE LONGITUD FIJA--INFORMACIÓN GENERAL
campo de control de longitud fija 260416b ag ||||| |||| 00| 0 spa d
020 ## - NÚMERO INTERNACIONAL ESTÁNDAR DEL LIBRO
Número Internacional Estándar del Libro 9788496940574
040 ## - FUENTE DE CATALOGACIÓN
Centro catalogador/agencia de origen AR-CcCEOS
Lengua de catalogación Español; Castellano
Centro/agencia transcriptor AR-CcCEOS
041 ## - CÓDIGO DE IDIOMA
Código de lengua del texto/banda sonora o título independiente Español; Castellano
080 ## - NÚMERO DE LA CLASIFICACIÓN DECIMAL UNIVERSAL
Número de la Clasificación Decimal Universal 820-3(73)
090 ## - LOCALMENTE ASIGNADO TIPO-LC NÚMERO DE CLASIFICACIÓN (OCLC); NÚMERO DE CLASIFICACIÓN LOCAL (RLIN)
Número cutter local (OCLC) ; Número de libro/Signatura topográfica íntegra, CALL (RLIN) PAT
100 1# - ENTRADA PRINCIPAL--NOMBRE DE PERSONA
Nombre de persona Patterson, Richard North
9 (RLIN) 1062
245 ## - MENCIÓN DEL TÍTULO
Título Exilio /
Mención de responsabilidad, etc. Richard North Patterson
250 ## - MENCION DE EDICION
Mención de edición 1ª ed.
264 ## - PRODUCCIÓN, PUBLICACIÓN, DISTRIBUCIÓN, FABRICACIÓN Y COPYRIGHT
Producción, publicación, distribución, fabricación y copyright Barcelona :
Nombre del de productor, editor, distribuidor, fabricante Roca,
Fecha de producción, publicación, distribución, fabricación o copyright c2007.
300 ## - DESCRIPCIÓN FÍSICA
Extensión 671 p. ;
Dimensiones 24x15 cm.
655 #0 - TERMINO DE INDIZACIÓN--GENERO/FORMA
Datos o término principal de género/forma literatura inglesa
Subdivisión de forma novela
9 (RLIN) 904
942 ## - ELEMENTOS DE ENTRADA SECUNDARIOS (KOHA)
Fuente de la clasificación o esquema de estantería Clasificación decimal universal
Tipo de ítem Koha Libros
Suprimir en OPAC No
Holdings
Estatus retirado Estado de pérdida Fuente de la clasificación o esquema de estantería Estado de daño No para préstamo Biblioteca de origen Biblioteca actual Fecha de adquisición Fuente de adquisición Número de inventario Total de préstamos Signatura topográfica completa Información codificada de la localización en otra ubicación Colección Código de barras Visto por última vez Precio de reemplazo Tipo de ítem Koha
    Clasificación decimal universal     Biblioteca Julio Serebrinsky Biblioteca Julio Serebrinsky 16/04/2026 Donación 46419   820-3(73) PAT SER 46419 16/04/2026 16/04/2026 Libros